<?xml version="1.0" encoding="UTF-8"?>
<record
    xmlns:xsi="http://www.w3.org/2001/XMLSchema-instance"
    xsi:schemaLocation="http://www.loc.gov/MARC21/slim http://www.loc.gov/standards/marcxml/schema/MARC21slim.xsd"
    xmlns="http://www.loc.gov/MARC21/slim">

  <leader>01139nam a2200217 a 4500</leader>
  <controlfield tag="001">18609</controlfield>
  <controlfield tag="003">CO-ViMGA</controlfield>
  <controlfield tag="008">141112s2004    ck      r     000 u spa d</controlfield>
  <datafield tag="020" ind1=" " ind2=" ">
    <subfield code="a">9701016440</subfield>
  </datafield>
  <datafield tag="040" ind1=" " ind2=" ">
    <subfield code="a">CO-ViMGA</subfield>
    <subfield code="b">spa</subfield>
    <subfield code="c">CO-ViMGA</subfield>
  </datafield>
  <datafield tag="082" ind1="0" ind2="4">
    <subfield code="a">574.87 K176</subfield>
  </datafield>
  <datafield tag="100" ind1="1" ind2=" ">
    <subfield code="a">Karp, Gerald</subfield>
    <subfield code="9">26496</subfield>
  </datafield>
  <datafield tag="245" ind1="1" ind2="0">
    <subfield code="a">Biolog&#xED;a celular y molecular</subfield>
  </datafield>
  <datafield tag="260" ind1=" " ind2=" ">
    <subfield code="a">Mexico, </subfield>
    <subfield code="c">McGraw - Hill, </subfield>
    <subfield code="c">1998</subfield>
  </datafield>
  <datafield tag="300" ind1=" " ind2=" ">
    <subfield code="a">746.p.</subfield>
  </datafield>
  <datafield tag="505" ind1=" " ind2=" ">
    <subfield code="a">Biolog&#xED;a celular Bases qu&#xED;micas de la vida Energ&#xED;a , enzimas y metabolismo Estructura y funci&#xF3;n de la membrana plasm&#xE1;tica Respiraci&#xF3;n aer&#xF3;bica y mitocondrias Fotos&#xED;ntesis y cloroplastos Interacci&#xF3;n entre las celulas y su entorno Sistemas de la membrana citoplasm&#xE1;tica Citoesqueleto y motilidad celular Naturaleza del gen y del genoma Informaci&#xF3;n gen&#xE9;tica N&#xFA;cleo de la celula y control de la expresi&#xF3;n de genes Duplicaci&#xF3;n y reparaci&#xF3;n del ADN Reproducci&#xF3;n celular Se&#xF1;ales celulares - Comunicaci&#xF3;n entre celulas y su ambiente C&#xE1;ncer Tecnicas en biolog&#xED;a celular y molecular</subfield>
  </datafield>
  <datafield tag="650" ind1="1" ind2="4">
    <subfield code="a">BIOLOGIA MOLECULAR</subfield>
    <subfield code="9">52682</subfield>
  </datafield>
  <datafield tag="650" ind1="1" ind2="4">
    <subfield code="a">CITOLOGIA</subfield>
  </datafield>
  <datafield tag="650" ind1="1" ind2="4">
    <subfield code="a">FISIOLOGIA CELULAR</subfield>
    <subfield code="9">26497</subfield>
  </datafield>
  <datafield tag="942" ind1=" " ind2=" ">
    <subfield code="2">ddc</subfield>
    <subfield code="c">BK</subfield>
  </datafield>
  <datafield tag="999" ind1=" " ind2=" ">
    <subfield code="c">27863</subfield>
    <subfield code="d">27863</subfield>
  </datafield>
  <datafield tag="952" ind1=" " ind2=" ">
    <subfield code="0">0</subfield>
    <subfield code="1">0</subfield>
    <subfield code="2">ddc</subfield>
    <subfield code="4">0</subfield>
    <subfield code="7">0</subfield>
    <subfield code="8">003</subfield>
    <subfield code="a">MEVIECAR</subfield>
    <subfield code="b">MEVIECAR</subfield>
    <subfield code="d">2015-12-04</subfield>
    <subfield code="h">Volumen. 1 | 11/jun/2009</subfield>
    <subfield code="l">5</subfield>
    <subfield code="m">2</subfield>
    <subfield code="o">574.87 K176 </subfield>
    <subfield code="p">18609</subfield>
    <subfield code="r">2019-06-05 00:00:00</subfield>
    <subfield code="s">2018-03-02</subfield>
    <subfield code="t">Ej. 1</subfield>
    <subfield code="w">2015-12-04</subfield>
    <subfield code="y">BK</subfield>
  </datafield>
</record>
